000 00712nam a22002297a 4500
003 UA-OsUOA
001 93432
007 ta
008 20130121b un ||||| |||| 00| 0 ukr d
090 _a281.9(4-11)"19"
_bП68
942 _cBK
040 _aUA-OsUOA
_brus
_cUA-OsUOA
_dUA-OsUOA
245 _aПравославная Церковь в Восточной Европе ХХ век
_cпод ред. Шайо К.
300 _a440 с.
955 _a1
041 _arus
080 _a281.9(4-11)"19"
020 _a978-966-378-168-6
260 _aК.
_bДух і Літера
_c2010
650 7 _a281.9 Східна православна церква і скопці
_2UDC
999 _c379675
_d379675